000 00902nmc a2200301 a 4500
003 AR-BaBNM
005 20251128204223.0
008 137019s1987 ||||||||||||||000 | spa||
020 _a84-7644-017-0
040 _cAR-BaBNM
100 1 _aEnciso, Pilar
245 1 0 _aTeatro infantil ; El león engañado ; El león enamorado ; La maquinita que no quería pitar
260 _aMadrid
_bEdiciones Antonio Machado
_c1987
300 _a80 p.
490 0 _aTeatral de autores españoles. Biblioteca Antonio Machado de teatro
_vv. 11
650 4 _aTEATRO INFANTIL
650 4 _aLITERATURA INFANTIL
650 4 _aFABULAS
653 _aEDUCACION INICIAL
653 _aADAPTACIONES LITERARIAS
655 _aLITERATURA
700 1 _aOlmo, Lauro
740 0 _aEl león engañado
740 0 _aEl león enamorado
740 0 _aLa maquinita que no quería pitar
942 _cBK
998 _claura
999 _c6622
_d6622